000 01874nam a2200493Ii 4500
001 DIGECOED0251
003 NyNyDIG
008 200120s2016 ck ob 000 0 spa d
006 m o d
007 cr |||||||||||
035 _a(OCoLC)1138093211
040 _aDGITA
_beng
_erda
_epn
_cDGITA
020 _a9789587713350
_q(eBook)
020 _a9587713354
_q(eBook)
020 _z9789587713343
020 _z9587713346
050 1 4 _aHM742 ebook
100 1 _aRoldán Zuluaga, Santiago,
_eauthor.
245 1 0 _aCommunity management 2.0 :
_bgestión de comunidades virtuales /
_cSantiago Roldán Zuluaga.
250 _aPrimera edición.
264 1 _aBogotá :
_bEcoe Ediciones,
_cabril de 2016.
300 _a1 online resource.
336 _atext
_btxt
_2rdacontent
337 _acomputer
_bc
_2rdamedia
338 _aonline resource
_bcr
_2rdacarrier
347 _atext file
_2rdaft
347 _bEPUB
490 1 _aColección: Ciencias empresariales. Área: Management
504 _aIncludes bibliographical references.
588 0 _aOnline resource; title from ePub title page (Digitalia, viewed January 27, 2020)
650 0 _aElectronic villages (Computer networks)
650 0 _aOnline social networks
_xManagement.
650 0 _aSocial media
_xMarketing.
650 0 _aOnline social networks in business.
650 0 _aInternet marketing.
655 0 _aElectronic books.
791 2 _aDigitalia (Firm),
_edistributor.
793 0 _gDigitalia eBook Collection:
_aEcoe Ediciones
776 0 8 _iPrint version:
_aRoldán Zuluaga, Santiago.
_tCommunity management 2.0.
_bPrimera edición.
_dBogotá : Ecoe Ediciones, 2016
_z9789587713343
830 0 _aColección Ciencias Empresariales.
_pManagement.
856 4 0 _3Digitalia Hispánica
_uhttps://www.digitaliapublishing.com/a/47169/
910 _aPremium collection: 2020
942 _cRAA
999 _c250057
_d250057